| 000 | 00908nam a22001935i 4500 | ||
|---|---|---|---|
| 001 | 165579 | ||
| 003 | ES-MaACL | ||
| 005 | 20230906213152.0 | ||
| 008 | 991115s1883 sp |||| | spa d | ||
| 040 |
_aCCPB | B _bspa _cCCPB | B |
||
| 100 | 1 |
_aSoriano y Bernar, Rafael. _9132832 |
|
| 245 | 1 | 0 | _aMemoria leída por el académico profesor, secretario de la comisión local D. Rafael Soriano y Bernar, en el acto de hacer entrega a la Academia del nuevo edificio. |
| 260 |
_aMadrid : _b[s.n.], _c1883 ( _fImprenta del Ministerio de Gracia y Justicia) |
||
| 300 |
_a15 p. ; _c21 cm. |
||
| 610 | 2 |
_aReal Academia de Jurisprudencia y Legislación de España- _vMemorias. _9150092 |
|
| 852 |
_aES-MaACL _jL-4910(17-3) _z-- Enc. hol. _z-- Donativo Roda |
||
| 852 |
_aES-MaACL _jT-378-F-10 _z-- Enc. hol. _z-- Enc. en un vol. facticio |
||
| 852 |
_aES-MaACL _jT-351-F-23 _z-- Enc. hol. _z-- Enc. en un vol. facticio |
||
| 999 |
_c165579 _d165579 |
||